000 00368nam a22001577a 4500
005 20240814152654.0
008 160629b xxu||||| |||| 00| 0 eng d
041 _aeng
082 _b10879
100 _aArharya & Jain
_93252
245 _aExport-Import Procedures & Documentation
260 _bHimalaya
_c2003
300 _a180
650 _aManagement
942 _cBK
999 _c4788
_d4786